Towards the rule of law: 25 legal reforms for India (Record no. 523426)
[ view plain ]
| 000 -LEADER | |
|---|---|
| fixed length control field | 00281nam a22000977a 4500 |
| 082 ## - DEWEY DECIMAL CLASSIFICATION NUMBER | |
| Classification number | H9x54 T65 |
| 245 ## - TITLE STATEMENT | |
| Title | Towards the rule of law: 25 legal reforms for India |
| 260 ## - PUBLICATION, DISTRIBUTION, ETC. (IMPRINT) | |
| Place of publication, distribution, etc | New Delhi |
| Name of publisher, distributor, etc | Vidhi Centre for Legal Policy |
| Date of publication, distribution, etc | 2019 |
| 300 ## - PHYSICAL DESCRIPTION | |
| Extent | 71p. |
| 650 ## - SUBJECT ADDED ENTRY--TOPICAL TERM | |
| Topical term or geographic name as entry element | Legal services - India |
| 9 (RLIN) | 39973 |
| Withdrawn status | Lost status | Source of classification or shelving scheme | Damaged status | Koha normalized classification for sorting | Not for loan | Permanent location | Current location | Shelving location | Date acquired | Full call number | Barcode | Date last seen | Price effective from | Koha item type |
|---|---|---|---|---|---|---|---|---|---|---|---|---|---|---|
| H_9X54_T65 | Indian Institute of Public Administration | Indian Institute of Public Administration | On Display | 2023-08-17 | H9x54 T65 | GR24659 | 2023-08-17 | 2023-08-17 | Book |
